<?xml version="1.0" encoding="UTF-8"?>
<record
    xmlns:xsi="http://www.w3.org/2001/XMLSchema-instance"
    xsi:schemaLocation="http://www.loc.gov/MARC21/slim http://www.loc.gov/standards/marcxml/schema/MARC21slim.xsd"
    xmlns="http://www.loc.gov/MARC21/slim">

  <leader>02171nam a22003257a 4500</leader>
  <controlfield tag="001">BRCA_9192</controlfield>
  <controlfield tag="003">FranzMayer</controlfield>
  <controlfield tag="005">20220809132751.0</controlfield>
  <controlfield tag="008">220706b        |||||||| |||| 00| 0 spa d</controlfield>
  <datafield tag="020" ind1=" " ind2=" ">
    <subfield code="a">9786079660475</subfield>
  </datafield>
  <datafield tag="040" ind1=" " ind2=" ">
    <subfield code="b">spa</subfield>
    <subfield code="c">MFM</subfield>
  </datafield>
  <datafield tag="041" ind1=" " ind2=" ">
    <subfield code="a">spa</subfield>
  </datafield>
  <datafield tag="050" ind1=" " ind2=" ">
    <subfield code="a">AM101.M4</subfield>
    <subfield code="b">H67 2019</subfield>
  </datafield>
  <datafield tag="245" ind1="0" ind2="0">
    <subfield code="a">Hospeder&#xED;a : </subfield>
    <subfield code="b">Santo Tom&#xE1;s de Villanueva y su entorno </subfield>
  </datafield>
  <datafield tag="260" ind1=" " ind2=" ">
    <subfield code="a">Ciudad de M&#xE9;xico :</subfield>
    <subfield code="b">Museo Kaluz</subfield>
    <subfield code="c">2019</subfield>
  </datafield>
  <datafield tag="300" ind1=" " ind2=" ">
    <subfield code="a">154 p. :</subfield>
    <subfield code="b">il. y fot. ;</subfield>
    <subfield code="c">29 x 31 cm.</subfield>
  </datafield>
  <datafield tag="500" ind1=" " ind2=" ">
    <subfield code="a">Ubicaci&#xF3;n: L59-N5</subfield>
  </datafield>
  <datafield tag="500" ind1=" " ind2=" ">
    <subfield code="a">Incluye im&#xE1;genes de la Colecci&#xF3;n Museo Franz Mayer (p. 24, 27-29 y 40-41)</subfield>
  </datafield>
  <datafield tag="505" ind1="2" ind2=" ">
    <subfield code="t">Presentaci&#xF3;n / </subfield>
    <subfield code="r">Antonio del Valle Ruiz</subfield>
  </datafield>
  <datafield tag="505" ind1="2" ind2=" ">
    <subfield code="t">Tenochtitlan, Cuepopan e Iztacallecan / </subfield>
    <subfield code="r">Enrique Vela</subfield>
  </datafield>
  <datafield tag="505" ind1="2" ind2=" ">
    <subfield code="t">La Ciudad Colonial / </subfield>
    <subfield code="r">Elena Horz Balb&#xE1;s</subfield>
  </datafield>
  <datafield tag="505" ind1="2" ind2=" ">
    <subfield code="t">Un proyecto sin igual : de Hospeder&#xED;a Agustina a Museo Kaluz / </subfield>
    <subfield code="r">Mar&#xED;a del Consuelo Maquivar</subfield>
  </datafield>
  <datafield tag="505" ind1="2" ind2=" ">
    <subfield code="t">El entorno / </subfield>
    <subfield code="r">Mar&#xED;a Cristina Montoya Rivero</subfield>
  </datafield>
  <datafield tag="505" ind1="2" ind2=" ">
    <subfield code="t">Hospeder&#xED;a de Santo Tom&#xE1;s de Villanueva: su potencial de intervenci&#xF3;n y restauraci&#xF3;n / </subfield>
    <subfield code="r">Francisco P&#xE9;rez de Salazar Verea</subfield>
  </datafield>
  <datafield tag="505" ind1="2" ind2=" ">
    <subfield code="t">Estar "Donde est&#xE1; el tronco": los &#xE1;rboles-letras del mural de Vicente Rojo / </subfield>
    <subfield code="r">Cuauht&#xE9;moc Medina</subfield>
  </datafield>
  <datafield tag="505" ind1="2" ind2=" ">
    <subfield code="t">Anexo 2: El hospicio de Santo Tom&#xE1;s de Villanueva de la provincia de las filipinas / </subfield>
    <subfield code="r">Pablo Garc&#xED;a Cisneros</subfield>
  </datafield>
  <datafield tag="520" ind1=" " ind2=" ">
    <subfield code="a">Con la firme convicci&#xF3;n de que un mejor entorno nos ayuda a superar nuestra calidad de vida, el proyecto del Museo Kaluz cumple con el cometido de proteger el patrimonio inmueble nacional y con una funci&#xF3;n social de primer orden al ofrecer a la ciudad un espacio muy atractivo de acceso a la cultura y al conocimiento. Con este rescate, se abren las puertas de un inmueble cuya ubicaci&#xF3;n privilegiada dialoga con una historia urbana muy rica, que encuentra su g&#xE9;nesis en M&#xE9;xico-Tenochtitlan y en la ciudad virreinal, memoria que rese&#xF1;an en esta publicaci&#xF3;n un selecto grupo de investigadores, cuyos textos nos permiten valorar el edificio y su entorno desde diversos &#xE1;ngulos y en diferentes periodos de la historia. - Antonio del Valle Ruiz</subfield>
  </datafield>
  <datafield tag="942" ind1=" " ind2=" ">
    <subfield code="2">lcc</subfield>
    <subfield code="c">B</subfield>
  </datafield>
  <datafield tag="999" ind1=" " ind2=" ">
    <subfield code="c">10811</subfield>
    <subfield code="d">10811</subfield>
  </datafield>
  <datafield tag="952" ind1=" " ind2=" ">
    <subfield code="0">0</subfield>
    <subfield code="1">0</subfield>
    <subfield code="2">lcc</subfield>
    <subfield code="4">0</subfield>
    <subfield code="7">0</subfield>
    <subfield code="a">BRCA</subfield>
    <subfield code="b">BRCA</subfield>
    <subfield code="d">2022-07-06</subfield>
    <subfield code="o">AM101.M4 H67 2019</subfield>
    <subfield code="p">CONT9964</subfield>
    <subfield code="r">2022-07-06 00:00:00</subfield>
    <subfield code="t">1</subfield>
    <subfield code="w">2022-07-06</subfield>
    <subfield code="y">B</subfield>
  </datafield>
</record>
